01600nam a2200313 a 450000100100000000500170001000800410002702000190006802000180008708200110010510000300011624501870014626000530033330000280038649000100041450500530042459000260047770000430050370000250054683000170057195201140058895201130070295201080081595201110092395201140103495201080114899900170125604000130127300004793620201002060820.0150602s2016 dr a 000 0 spa d a9789945595 895 a9789945599763 axxbxx1 aCastro, Víctoria97548410aInformática interactiva 1 :bPrimer grado, primer ciclo educación primaria /cVíctoria Castro ; producción editorial María del Jesús de la Rosa ; ilustraciones Henry Cid. aSanto Domingo :bActualidad escolar 2000,c2016. a112 p. :bil. ;c28 cm. aVeraz0 av. 1 :tlibro de textogv. 2tlibro del maestro. aInventariado, 2018/VM1 aJesús de la Rosa, María del9298331 aCid, Henryeil.934600aVeraz974848 0010718PDaGRbGRcHDd2018-10-04iLF1l0ov. 2, e. 3p47936-30r2020-06-25w2020-06-25yLFPDZNo se presta 0010718PDaGRbGRcHDd2018-11-20iLF1l0ov.1, e. 3p47936-40r2020-06-25w2020-06-25yLFPDZNo se presta 0010718PDaPDbPDcHDd2018-10-04iLF1l0ov. 1p47936-10r2020-06-25w2020-06-25yLFPDZNo se presta 0010718PDaPDbPDcHDd2018-10-04iLF1l0ov. 1. 2p47936-20r2020-06-25w2020-06-25yLFPDZNo se presta 0010718PDaPDbPDcHDd2018-11-20iLF1l0ov. 2, e. 2p47936-50r2020-06-25w2020-06-25yLFPDZNo se presta 0010718PDaPDbPDcHDd2018-11-20iLF1l0ov. 2p47936-60r2020-06-25w2020-06-25yLFPDZNo se presta c47424d47424 aDO-SdBNP